00661nam a2200157Ia 4500008004100000082002600041100001900067245007000086260005200156365000600208630007000214730007000284942000900354999001900363952012100382100415s9999 xx 000 0 und d b15501a636.088(54558) aVaralakshmi V aEconomics of Goat and Buffalo Rearing : A Case Study from Haryana aNEW DELHIc1993bTATA ENERGY RESEARCH INSTITUTE b0 aEconomics of Goat and Buffalo Rearing : A Case Study from Haryana aEconomics of Goat and Buffalo Rearing : A Case Study from Haryana cBOOK c598399d598396 00104070aBNHSbBNHSd1998-05-15g0.00l0o636.088(54558) 15501pBNHS-15501r2010-04-15 00:00:00w2010-04-15yBOOK